Irwin's Business Law Concepts, Analysis, Perspectives

Na minha lista:
Detalhes bibliográficos
Autor principal: Klayman, Elliot I.
Outros Autores: Bagby, John W., Ellis, Nan S.
Formato: Livro
Idioma:inglês
Publicado em: Burr Ridge IRWIN 1994
Edição:1. ed.
Colecção:Irwin Legal Studies in Business Series
Assuntos:
Tags: Adicionar Tag
Sem tags, seja o primeiro a adicionar uma tag!

MARC

LEADER 00000nam a2200000 4500
001 c016852
005 20221205140658.6
020 |a 0-256-09178-1 
041 0 |a eng 
044 |a US 
245 1 0 |a Irwin's Business Law  |b Concepts, Analysis, Perspectives  |c Elliot I. Klayman, John W. Bagby, Nan S. Ellis 
250 |a 1. ed. 
264 1 |a Burr Ridge  |b IRWIN  |c 1994 
300 |a 1362 s. 
490 1 |a Irwin Legal Studies in Business Series 
830 0 |a Irwin Legal Studies in Business Series 
610 2 0 |a právo obchodné 
610 2 0 |a podnik obchodný 
610 2 0 |a regulácia trhu 
610 2 0 |a USA 
100 1 |a Klayman, Elliot I. 
700 1 |a Bagby, John W. 
700 1 |a Ellis, Nan S.